000
00411nam a2200145Ia 4500
008
100204s9999 xx 000 0 und d
082
_b
5061
100
_a
सिनकर श्रीकांत
245
_a
पोरका
260
_b
"दिलिप प्रकाशन , मुंबई"
_c
1982
300
_a
358
630
_a
पोरका
730
_a
पोरका
942
_c
BOOK
999
_c
449700
_d
449697